Central America: global integration and regional cooperation

Uložené v:
Podrobná bibliografia
Médium: Kniha
Jazyk:English
Vydavateľské údaje: Washington, D.C. IMF 2005
Edícia:Occasional paper 243
Predmet:
Tagy: Pridať tag
Žiadne tagy, Buďte prvý, kto otaguje tento záznam!

MARC

LEADER 00000nam$a2200000$$$4500
001 0035608
005 20240104134241.2
020 |a 1-58906-446-1 
041 0 |a eng 
044 |a US 
245 1 0 |a Central America: global integration and regional cooperation 
264 1 |a Washington, D.C.  |b IMF  |c 2005 
300 |a x, 135 s. 
490 1 |a Occasional paper  |v 243 
830 0 |a Occasional paper  |v 243 
610 2 0 |a Stredná Amerika 
610 2 0 |a integrácia 
610 2 0 |a spolupráca medzinárodná 
610 2 0 |a liberalizácia 
610 2 0 |a politika daňová 
610 2 0 |a politika fiškálna 
610 2 0 |a politika devízová 
610 2 0 |a ukazovatele makroekonomické 
610 2 0 |a stratégia hospodárska 
610 2 0 |a CAFTA-DR